000 00484nam a2200169Ia 4500
003 OSt
005 20260309155355.0
008 211028s2011 xx 000 0 und d
040 _cAIMIT LIBRARY
041 _aeng
100 _aRaghavendra; R, Kavitha.
_g81773
_93524
110 _aRoshan Suaris.
_93525
245 _aDevelopment of internal tool for building video maps /
260 _aBangalore
_c2011
710 _aOnline Productivity solutions Pvt Ltd
_93526
942 _2ddc
_cPRO
999 _c217261
_d217261